| 000 | 00624nam a2200181 a 4500 | ||
|---|---|---|---|
| 001 | 000014814 | ||
| 005 | 20200929163915.0 | ||
| 008 | 100122s2007 dr ac 001 0 spa d | ||
| 020 | _a9789945853933 | ||
| 040 |
_aDO-SdBNP _bspa _cBNPHU |
||
| 082 |
_axxx _bL865e |
||
| 100 | 1 |
_aLora Robles, Felix Manuel _933567 |
|
| 245 | 1 | 0 |
_aEncuadre de una identidad audiovisual : _bevolución y perspectivas en República Dominicana / _cFelix Manuel Lora Robles. |
| 260 |
_aSanto Domingo : _bValdivia, _c2007. |
||
| 300 |
_a315 p. : _bil. ; retrs. ; _c23 cm. |
||
| 504 | _aIncluye referencias bibliográficas [p. 314-315] | ||
| 049 | _aBNPD | ||
| 999 |
_c14395 _d14395 |
||